000 01156nam a2200277 i 4500
001 bg
100 1 _aSchatz, Heide.
245 0 0 _aFertigkeit Sprechen /
_cHeide Schatz, unter Mitarbeit Eva-Maria Jenkins sowie Gabriele Neuf-Münkel und Regine Roland.
260 _aBerlin [etc.] :
_bLangenscheidt ;
_ccop. 2006.
300 _a208 s. :
_bil. ;
_c30 cm.
490 1 _aFernstudienprojekt zur Fort- und Weiterbildung im Bereich Germanistik und Deutsch als Fremdsprache.
_pTeilbereich Deutsch als Fremdsprache
_vFernstudieneinheit 20,
504 _aBibliogr.
650 9 _aJęzyk niemiecki
_xnauczanie
700 1 _aJenkins, Eva-Maria.
_eWspółaut.
700 1 _aNeuf-Münkel, Gabriele.
_eWspółaut.
700 1 _aRoland, Regine.
_eWspółaut.
830 _aFernstudienprojekt zur Fort- und Weiterbildung im Bereich Germanistik und Deutsch als Fremdsprache.
_pTeilbereich Deutsch als Fremdsprache
020 _a9783468496554
040 _cBPK
041 0 _ager
044 _aDEU
080 _a811.112.2(072)
942 _cKS
008 s pl f |000 0 pol
999 _c54353
_d54353
856 _uhttp://koha.tu.koszalin.pl/cgi-bin/koha/opac-detail.pl?biblionumber=54353
_yKatalog online BPK